Pinky and the Brain Lyrics Quiz Stats

Quiz Updated Dec 21, 2014

Challenge
Share
Tweet
Embed
Score 0/102 Timer 04:00
0 Plays Today
% Correct
the
98.9%
the
98.9%
the
98.9%
the
98.9%
the
98.9%
the
98.9%
the
98.9%
the
98.9%
the
98.9%
the
98.9%
the
98.9%
Pinky
98.1%
Pinky
98.1%
Pinky
98.1%
Pinky
98.1%
Pinky
98.1%
Pinky
98.1%
Brain
97.9%
Brain
97.9%
Brain,
97.9%
Brain,
97.9%
Brain,
97.9%
Brain,
97.9%
Brain,
97.9%
Brain,
97.9%
Brain,
97.9%
Brain,
97.9%
Brain.
97.9%
Brain
97.9%
Brain
97.9%
Brain,
97.9%
Brain,
97.9%
Brain,
97.9%
Brain,
97.9%
% Correct
Brain,
97.9%
Brain,
97.9%
Brain,
97.9%
Brain.
97.9%
and
97.3%
and
97.3%
and
97.3%
and
97.3%
and
97.3%
and
97.3%
a
96.2%
is
86.6%
is
86.6%
Is
86.6%
One
82%
insane.
78.8%
genius
78.3%
They're
75.6%
They're
75.6%
They're
75.6%
they're
75.6%
They're
75.6%
They're
75.6%
They're
75.6%
other's
74.4%
over
64.7%
world.
63%
take
58.6%
mice
57.9%
Yes,
57.9%
Yes,
57.9%
to
55.5%
To
55.5%
Their
51.6%
% Correct
Their
51.5%
Their
51.5%
their
51.5%
laboratory
49.3%
be
47.8%
plan
39.4%
have
39.3%
been
37.4%
genes
37.2%
spliced
36.8%
of
35.6%
night
34.9%
will
32.7%
They'll
31.9%
They'll
31.9%
Earth
31.1%
Narf!
30.8%
worth
26.5%
mousey
26.1%
prove
25.4%
overthrow
25.1%
By
24.1%
dinky
24.1%
dinky
24.1%
done
23.8%
unfurled
23.4%
sun
23.1%
Before
23.1%
each
22.1%
dawning
21.7%
easy
17.4%
explain.
17.3%
twilight
16.3%
campaign
15.7%

You're not logged in!

Compare scores with friends on all Sporcle quizzes.
Join for Free
OR
Log In

You Might Also Like...

Show Comments

Extras

Top Quizzes Today


Score Distribution

Your Account Isn't Verified!

In order to create a playlist on Sporcle, you need to verify the email address you used during registration. Go to your Sporcle Settings to finish the process.

Report this User

Report this user for behavior that violates our Community Guidelines.

Details: